000 01040cam a22003014a 4500
001 11787703
003 OSt
005 20180102133057.0
008 990913s2000 maua b 001 0 eng
010 _a 99047375
020 _a020161250X
020 _a9780201612509
040 _aDLC
_cDLC
_dDLC
042 _apcc
050 0 0 _aQA76.73.C153
_bW646 2000
082 0 0 _a005.133
_221
100 1 _aWeiss, Mark Allen.
_95099
245 1 0 _aData structures and problem solving using C++ /
_cMark Allen Weiss.
250 _a2nd ed.
260 _aReading, Mass. :
_bAddison-Wesley,
_cc2000.
300 _axxx, 879, 47, 16 p. :
_bill. ;
_c24 cm.
504 _aIncludes bibliographical references and index.
650 0 _aC++ (Computer program language)
_93961
650 0 _aData structures (Computer science)
_95100
650 0 _aProblem solving
_xData processing.
_95101
942 _2ddc
_cBOOK
999 _c15530
_d250030